000 00706nam a22001697a 4500
003 UA-OsUOA
001 12327
007 ta
008 20050510b un ||||| |||| 00| 0 ukr d
942 _cSA
040 _aUA-OsUOA
_cUA-OsUOA
_dUA-OsUOA
245 _aТрадиції духового мистецтва
_b[На концерт. майданчиках Рівного проходив І-й Всеукр. конкурс молодих виконавців на дух. та удар. інструментах ім. В. Старченка]
300 _aС.4
955 _a0
773 0 _w0
_tВісті Рівненщини
_dРівне
_d2005
_g№33/29 квіт./
650 7 _aДухові оркестри
_2UDC
999 _c298488
_d298488